New Directions in ploice training (Record no. 499935)

000 -LEADER
fixed length control field 00331cam a22001097a 4500
008 - FIXED-LENGTH DATA ELEMENTS--GENERAL INFORMATION
fixed length control field 180718b1988 xxu||||| |||| 00| 0 eng d
082 ## - DEWEY DECIMAL CLASSIFICATION NUMBER
Classification number K5x42 Un3n
245 ## - TITLE STATEMENT
Title New Directions in ploice training
Statement of responsibility, etc. edited by Peter Southgate
260 ## - PUBLICATION, DISTRIBUTION, ETC.
Place of publication, distribution, etc. London
Name of publisher, distributor, etc. Her Majesty's Stationery Office
Date of publication, distribution, etc. 1988
300 ## - PHYSICAL DESCRIPTION
Extent 256+p.
700 ## - ADDED ENTRY--PERSONAL NAME
Personal name Southgate, Peter
Holdings
Withdrawn status Lost status Damaged status Not for loan Permanent Location Current Location Date acquired Full call number Barcode Date last seen Price effective from Koha item type
        Indian Institute of Public Administration Indian Institute of Public Administration 2018-08-04 K5x42 Un3n G18204 2018-08-04 2018-08-04 G

Powered by Koha